Online
Catalog

Celda 11 : (Record no. 31073)

MARC details
000 -CABECERA
campo de control de longitud fija 00577nam a2200181 a 4500
001 - NÚMERO DE CONTROL
campo de control 000031581
005 - FECHA Y HORA DE LA ÚLTIMA TRANSACCIÓN
campo de control 20200930063030.0
008 - DATOS DE LONGITUD FIJA--INFORMACIÓN GENERAL
campo de control de longitud fija 110627s20uu dr 000 0 spa d
040 ## - FUENTE DE LA CATALOGACIÓN
Centro catalogador/agencia de origen DO-SdBNP
Lengua de catalogación spa
Centro/agencia transcriptor BNPHU
082 ## - NÚMERO DE LA CLASIFICACIÓN DECIMAL DEWEY
Número de clasificación xxxx
Número de documento/Ítem O13c
049 ## - FONDOS LOCALES (OCLC)
Fondos de biblioteca BNPD
100 1# - ENTRADA PRINCIPAL--NOMBRE DE PERSONA
Nombre de persona El obrero
9 (RLIN) 57919
245 10 - MENCIÓN DE TÍTULO
Título Celda 11 :
Resto del título el penal /
Mención de responsabilidad, etc. el obrero.
246 14 - FORMA VARIANTE DE TÍTULO
Título propio/Titulo breve Cuando lo inflexible se dobla :
Resto del título cárcel de Victoria
260 ## - PUBLICACIÓN, DISTRIBUCIÓN, ETC.
Fecha de publicación, distribución, etc. [Santo Domingo
Lugar de publicación, distribución, etc. s.n.,
Fecha de publicación, distribución, etc. 20uu?].
300 ## - DESCRIPCIÓN FÍSICA
Extensión 39 p. ;
Dimensiones 21 cm.
500 ## - NOTA GENERAL
Nota general Este relato se basa en hechos sucedidos po el año 1971, en el Penal de la Victoria.
Holdings
Estado de retiro Estado de pérdida No para préstamo Código de colección Localización permanente Ubicación/localización actual Ubicación en estantería Fecha de adquisición Número de inventario Total de préstamos Signatura topográfica completa Código de barras Fecha visto por última vez Precio válido a partir de Tipo de ítem Koha
    Excluido de préstamo Patrimonio Dominicano Patrimonio Dominicano Patrimonio Dominicano En catalogación 27.06.2011 LF1   xxxx O13c 31581-10 25.06.2020 25.06.2020 Libro y Folleto Colección Patrimonio Dominicano

Powered by Koha